000 01566nam a22002417a 4500
003 KOHA_MİRAKIL
005 20260424105821.0
008 260421b tu ||||| |||| 00| 0 tur d
020 _a9789754687125
040 _aTR-AnABB
_btur
_cTR-AnABB
041 _atur
082 _a327.101
_bKAY 2008
100 1 _aKayıkçı, Murat
245 1 0 _aYeni imparatorluk çağı /
_ceditör: Murat Kayıkçı, R. Özgür Dönmez
260 _aİstanbul :
_bSay Yayınları,
_c2008
300 _a422 sayfa ;
_c20 cm
500 _aYeni İmparatorluk Çağı'nın Düşündürdükleri / Prof. Dr. Ruşen Keleş
505 _aİçindekiler: Yeni İmparatorluk çağı: Bir tartışma çerçevesinin Türkiye Üzerine düşündürdükleri - Küresel Çevre sorunlarına sahip İmparatorluk'ta Çoklukla bir çıkış yolu aramak : eleştirel bir değerlendirme - YÖnetimin arkeolojisi ve imparatorluklar - Uluslararası hukuk(t)a Neler oluyor ? - Küreselleşme, Hegomanya mücadelesi ve ekonomik güç - Küreselleşme, imparatorluk ve etnisite - Görünen gerçekten görünmeyen gerçeğe doğru kitle iletişim araçları ya da gerçekliğin öteki kurgusu - Bush iktidarı ve imparatorluk sarmalındaki Amerikan Dış Politikası - Küreselleşme Sürecinde emperyalizm ve yerel yönetimler - İmparatorluk ve şiddetin olağanlaşması -Yeni İmparatorluk Çağı'nın Düşündürdükleri
650 0 4 _aUluslararası ilişkiler, felsefe ve kuram
650 0 4 _aUluslararası ilişkiler
900 _bCan ÇELIK
942 _2ddc
_cBK
999 _c10322
_d10322